Minecraft Wood Types - Statistics

General Stats
  • This quiz has been taken 44 times
  • The average score is 9 of 10
Answer Stats
These Can Help You Determine The Wood Type Wood Type % Correct
The Darkest Wood Type Dark Oak
100%
Most Favorited Wood Type Oak
100%
Jungle Temples Are In This Biome Jungle
97%
Least Favorited Wood Type Birch
94%
Tiaga Villages Can Be Found in This Wood's Biome Spruce
94%
This Wood Is Orange And It Is In The Savannah Acacia
91%
This Wood is The Same Name As A Fruit Cherry
88%
Frogs Live In This Wood Type Biome Mangrove
81%
The Red Wood In The Nether Crimson
72%
The Blue Wood In The Nether Warped
72%
No matching quizzes found
Score Distribution
Percent of People with Each Score
Percentile by Number Answered
Your Score History
You have not taken this quiz